Know the truth : (Record no. 7564)
[ view plain ]
| 000 -LEADER | |
|---|---|
| fixed length control field | 00677cam a22002172 4500 |
| 001 - CONTROL NUMBER | |
| control field | 0000008439 |
| 005 - DATE AND TIME OF LATEST TRANSACTION | |
| control field | 20151217152033.0 |
| 008 - FIXED-LENGTH DATA ELEMENTS--GENERAL INFORMATION | |
| fixed length control field | 080411s xx 000 0 eng d |
| 020 ## - INTERNATIONAL STANDARD BOOK NUMBER | |
| International Standard Book Number | 0851117546 : |
| Terms of availability | KES 1450 |
| 040 ## - CATALOGING SOURCE | |
| Original cataloging agency | KABU |
| Transcribing agency | KABU |
| 100 1# - MAIN ENTRY--PERSONAL NAME | |
| Personal name | Milne, Bruce. |
| -- | 0000159001 |
| 245 10 - TITLE STATEMENT | |
| Title | Know the truth : |
| Remainder of title | a handbook of christian belief / |
| Statement of responsibility, etc. | Bruce Milne. |
| 250 ## - EDITION STATEMENT | |
| Edition statement | 2nd ed. |
| 260 ## - PUBLICATION, DISTRIBUTION, ETC. (IMPRINT) | |
| Place of publication, distribution, etc. | Nottingham, England : |
| Name of publisher, distributor, etc. | Inter-Varsity Press, |
| Date of publication, distribution, etc. | 1998. |
| 300 ## - PHYSICAL DESCRIPTION | |
| Extent | 352 p. |
| 650 #0 - SUBJECT ADDED ENTRY--TOPICAL TERM | |
| Topical term or geographic name as entry element | Theology, Doctrinal. |
| -- | 0000100890 |
| 908 ## - PUT COMMAND PARAMETER (RLIN) | |
| Put command parameter | 080411 |
| 950 ## - LOCAL HOLDINGS (RLIN) | |
| -- | 1 |
| Withdrawn status | Lost status | Source of classification or shelving scheme | Not for loan | Home library | Current library | Date acquired | Total Checkouts | Full call number | Barcode | Date last seen | Date last checked out | Price effective from | Koha item type |
|---|---|---|---|---|---|---|---|---|---|---|---|---|---|
| Library of Congress Classification | Kabarak, Main Campus | Kabarak, Main Campus | 17/12/2015 | 1 | BT75.2 .M55 1998 | 005932 | 02/08/2024 | 03/08/2021 | 17/12/2015 | General Collection | |||
| Library of Congress Classification | Kabarak, Main Campus | Kabarak, Main Campus | 17/12/2015 | BT75.2 .M55 1998 | 008844 | 02/08/2024 | 17/12/2015 | General Collection |